00361nam a2200133Ia 4500003000400000008004100004020002400045040000800069100001600077245007800093260003000171300001400201365001200215LDD181029s9999 xx 000 0 und d a041538303XcP 24.99 cLDD aKoumi, Jack 0aDesigning Video and Multimedia for Open and Flexible LearningcJack Koumi aNew YorkbRoutledgec2006 axv, 237p. bP 24.99